000 00729nam a2200265 a 4500
005 20191224041654.0
008 140307b1996 ec ||||| |||| 00| 0 eng d
041 _aeng
044 _aec
090 _aLB
_b02742
100 _aRomoleroux, Katya
_918014
245 _aRosaceae, Connaraceae
260 _aQuito
_bDepartament of Systematic Botany
_c1996
300 _a169 p.
650 _aFlora
_992293
650 _aPlantas
_992294
650 _aTaxonomía vegetal
_992262
650 _aClaves taxonómicas
_93514
650 _aIdentificación de especies
_94726
662 _aEcuador
700 _aForero, Enrique
_918018
700 _aHarling, Gunnar
_917471
700 _aAndersson, Lennart
_917474
942 _cImpreso
_2z
999 _c2971
_d2971